Maiores brasileiros da Ligue 1 - Statistics

Estatísticas Gerais
  • Esse quiz foi jogado 24 vezes
  • A pontuação média é 3 de 15
Estatísticas das Respostas
Classificaçao Numero de jogos Times Nome % Correto
2 323 jogos PSG Marquinhos
81%
7 248 jogos Olympique Lyonnais Juninho
71%
13 204 jogos PSG Thiago Silva
67%
4 279 jogos Lille OSC, OGC Nice Dante
38%
10 225 jogos Olympique Lyonnais Cris
14%
11 221 jogos Olympique de Marseille, AS Monaco, Olympique Lyonnais Sonny Anderson
10%
1 512 jogos SC Bastia, RC Lens, Montpellier, Olympique de Marseille Hilton
5%
5 266 jogos Girondins de Bordeaux, RC Lens Jussiê
5%
14 195 jogos Lille OSC, Olympique Marseille Michel Bastos
5%
6 253 jogos Olympique de Marseille, PSG, AC Ajaccio André Luiz
0%
3 319 jogos Nîmes, Olympique Marseille, Olympique Lyonnais Constantino
0%
9 236 jogos AS Nancy, SC Bastia, Olympique de Marseille, ESTAC Troyes Demetrius Ferreira
0%
15 190 jogos Girondins de Bordeaux Fernando
0%
8 239 jogos FC Sochaux, AS Saint-Etienne, AC Ajaccio Ilan
0%
12 216 jogos Nîmes, Montpellier Luizinho
0%
Nenhum quiz correspondente encontrado
Distribuição das Pontuações
Porcentagem de Pessoas com Cada Pontuação
Percentil de Números Respondidos
Sua Pontuação Histórica
Você não jogou esse quiz